Highest Grossing Movies 2022 Worldwide - Statistics

General Stats
  • This quiz has been taken 20 times
    7 since last reset
  • The average score is 10 of 35
Answer Stats
Rank Director Studio Release Date (US) Gross Movie % Correct
1 James Cameron 20th Century Studios Dec 16 $2,320,250,281 Avatar: The Way of Water
100%
33 Daniel Kwan, Daniel Scheinert A24 Mar 25 $139,327,673 Everything Everywhere All at Once
57%
6 Ryan Coogler Walt Disney Studios Motion Pictures Nov 11 $858,060,387 Black Panther: Wakanda Forever
43%
18 David Leitch Sony Pictures Entertainment Aug 5 $239,268,602 Bullet Train
43%
4 Sam Raimi Walt Disney Studios Motion Pictures May 6 $955,775,804 Doctor Strange in the Multiverse of Madness
43%
16 Baz Luhrmann Warner Bros. Jun 24 $287,740,048 Elvis
43%
3 Colin Trevorrow Universal Pictures Jun 10 $1,001,978,080 Jurassic World: Dominion
43%
26 Jordan Peele Universal Pictures Jul 22 $171,235,592 Nope
43%
30 S. S. Rajamouli Sarigama Cinemas Mar 25 $160,941,228 RRR
43%
7 Matt Reeves Warner Bros. Mar 4 $770,945,583 The Batman
43%
8 Taika Waititi Walt Disney Studios Motion Pictures Jul 8 $760,928,081 Thor: Love and Thunder
43%
2 Tom Kosinski Paramount Pictures May 27 $1,495,696,292 Top Gun: Maverick
43%
15 Jaume Collet-Serra Warner Bros. Oct 21 $393,252,111 Black Adam
29%
23 Jared Stern,Sam J. Levine Warner Bros. Jul 29 $207,357,117 DC League of Super-Pets
29%
35 Kenneth Branagh 20th Century Studios Feb 11 $137,307,235 Death on the Nile
29%
12 David Yates Warner Bros. Apr 15 $407,150,844 Fantastic Beasts: The Secrets of Dumbledore
29%
19 Angus MacLane Walt Disney Studios Motion Pictures Jun 17 $226,425,420 Lightyear
29%
5 Kyle Balda Universal Pictures Jul 1 $939,628,210 Minions: The Rise of Gru
29%
28 Daniel Espinosa Sony Pictures Entertainment Apr 1 $167,460,961 Morbius
29%
10 Joel Crawford Universal Pictures Dec 21 $480,936,486 Puss in Boots: The Last Wish
29%
34 Matt Bettinelli-Olpin,Tyler Gillett Paramount Pictures Jan 14 $137,743,924 Scream
29%
21 Parker Finn Paramount Pictures Sep 30 $217,408,513 Smile
29%
14 Jeff Fowler Paramount Pictures Apr 8 $405,421,518 Sonic the Hedgehog 2
29%
24 Aaron Nee, Adam Nee Paramount Pictures Mar 5 $192,907,684 The Lost City
29%
13 Ruben Fleischer Sony Pictures Entertainment Feb 18 $407,141,258 Uncharted
29%
11 Zhang Chiyu Alibaba Pictures Jul 29 $460,237,662 Moon Man
14%
25 Gorô Taniguchi Crunchyroll Nov 4 $187,170,704 One Piece Film: Red
14%
17 Pierre Perifel Universal Pictures Apr 22 $250,162,278 The Bad Guys
14%
29 Scott Derrickson Universal Pictures Jun 24 $161,440,742 The Black Phone
14%
32 Olivia Newman Sony Pictures Entertainment Jul 15 $144,353,965 Where the Crawdads Sing
14%
31 Takehiko Inoue,Yasuyuki Ebara Toei Animation Dec 3 $147,614,529 First Slam Dunk
0%
22 Muye Wen ??? Feb 1 $211,019,042 Nice View
0%
27 Ol Parker Universal Pictures Oct 21 $168,525,142 Ticket to Paradise
0%
20 Wenxiong Xing,Ru Qian Well Go USA Entertainment Feb 18 $217,254,604 Too Cool to Kill
0%
9 Dante Lam, Chen Kaige, Tsui Hark CMC Pictures Feb 1 $626,571,697 Water Gate Bridge
0%
No matching quizzes found
Score Distribution
Percent of People with Each Score
Percentile by Number Answered
Your Score History
You have not taken this quiz since the last reset